| 000 | 01500nam a2200349 c 4500 | ||
|---|---|---|---|
| 003 | BLK | ||
| 005 | 20250102092337.0 | ||
| 008 | 180413b bul|||||r ||||||| ||bul|| | ||
| 010 | _aKNG00029661000 | ||
| 020 |
_a954-8793-31-8 _bиздат.: Емас - (не е отпеч.) |
||
| 040 | _aBLK | ||
| 041 |
_aBUL _cBUL |
||
| 080 |
_aАнглийска литература _b821.111 _x-93-31 _z821.111-93-31 |
||
| 080 |
_aАнглийска литература _b821.111 _x-31 _z821.111-31 |
||
| 100 | 1 |
_aРид, Томас Майн _d1818-1883 _eпърви автор _9365222 |
|
| 700 |
_aФилипов, Владимир _d1925-2004 _9363823 |
||
| 139 |
_aРид, Томас Майн _bР 59 |
||
| 245 | 1 | 0 |
_aКонникът без глава _bРоман _cТомас Майн Рид; прев. Владимир Филипов. |
| 250 | _a8. изд. | ||
| 257 | _aGBR | ||
| 260 |
_аСофия _bЕмас _c1998 _fСофия : Експреспринт |
||
| 300 |
_a560 с. _c20 см |
||
| 380 | _aX | ||
| 490 | 1 |
_aВечните приключенски романи _v14 |
|
| 500 | _aОриг. загл. The Headless Horseman / Mayne Reid. - 1. изд. 1956 на изд. Нар. младеж в библ. Приключения и науч. фантастика. | ||
| 852 | _aЦб 202430 | ||
| 856 | 4 |
_qpdf _u |
|
| 856 | 4 |
_qpdf _u |
|
| 942 |
_cKNG _n0 _05 |
||
| 944 |
_aCR _c15.01.2003 _k30540 _lСевдалина Тодорова |
||
| 944 |
_aED _c23.06.2017 _kПенка_Димитрова |
||
| 999 |
_c27091 _d27091 |
||